[Event "TUR-ch Men 2018"]
[Site "Kemer"]
[Date "2018.10.17"]
[Round "11.1"]
[White "Koksal, Ege"]
[Black "Erdogdu, Mert"]
[Result "1/2-1/2"]
[WhiteElo "2351"]
[BlackElo "2406"]
[Annotator "TA"]
[PlyCount "88"]
[EventDate "2018.10.26"]
[EventType "tourn"]
[EventCountry "TUR"]
[SourceTitle "playchess.com"]
[Source "ChessBase"]
[SourceQuality "1"]

{[%evp 18,88,15,-2,47,18,40,39,42,27,28,35,35,31,52,59,71,60,72,65,181,74,108,100,164,113,129,133,174,177,130,0,0,0,0,0,0,0,0,0,0,0,-4,-38,-13,-110,-15,-16,-16,-16,-14,-28,-14,-19,-19,-56,-39,-39,-39,-49,-50,-679,-630,-579,-579,-371,0,0,0,0,0,0,0]} 1. d4 Nf6 2. c4 g6 3. Nf3 Bg7 4. Nc3 d5 5. Bf4 O-O 6. e3 c5 7. dxc5 Ne4 {D93: Grünfeld: 4 Nf3 Bg7 5 Bf4 0-0 6 e3} (7... Qa5 8. Rc1 dxc4 9. Bxc4 Qxc5 10. Bb3 Nc6 11. O-O Qa5 12. h3 Bf5 13. Qe2 Ne4 14. Nd5 e5 15. Bg5 Nxg5 16. Nxg5 Qd8 17. h4 h6 18. g4 Bd7 19. Ne4 f5 20. gxf5 Bxf5 21. Ne7+ Kh7 22. Nxf5 gxf5 {1-0 (52) Riazantsev,A (2671)-Kulaots,K (2556) Tallinn 2016}) 8. Rc1 Nd7 9. cxd5 Qa5 10. Be2 {LiveBook: 8 Games} Ndxc5 {[%cal Rg7c3]} (10... Nxc3 {seems wilder.} 11. bxc3 Bxc3+ 12. Kf1 Nxc5 13. Be5 Bxe5 14. Nxe5 Rd8) 11. O-O {With the idea Nxe4.} (11. Be5 {feels hotter.} Bxe5 12. Nxe5 Nxc3 13. bxc3 Qxa2 14. Bc4) 11... Nxc3 12. bxc3 Qxa2 13. Be5 Bxe5 $1 14. Nxe5 Qa5 $146 ({Predecessor:} 14... Bf5 15. f3 f6 16. Bc4 {1-0 (32) Costachi,M (2428)-Ivic,V (2245) Novi Sad 2016}) 15. Bc4 Qc7 16. Qd4 Bd7 17. e4 Rac8 18. f4 a6 (18... Be8 $14) 19. Ba2 (19. f5 $18 {is more deadly.} gxf5 20. exf5) 19... Bb5 20. Rf2 Nd7 (20... Qd6 $16 {was called for.}) 21. c4 ({White should try} 21. Ng4 $18 {[%cal Rg4h6]} h5 22. Nh6+ Kh7 23. Nxf7 $1 {[%mdl 512]} Rxf7 24. d6) 21... Nxe5 $16 22. fxe5 Qc5 23. Qxc5 Rxc5 24. Rb1 ({White should play} 24. e6 $16) 24... Bxc4 $11 25. Rxb7 Bxa2 26. Rxa2 {[%mdl 4096] Endgame KRR-KRR} e6 27. Rd7 Re8 28. Re2 a5 {[%cal Ba6a5,Ba5a4,Ba4a3][%mdl 32]} 29. Kf2 a4 30. Kf3 a3 31. Kf4 {[#]} (31. d6 $11) 31... exd5 (31... Ra5 $1 $17 32. Ra2 exd5 33. Rxd5 Rea8) 32. Rxd5 (32. exd5 $2 Rc4+ 33. Kf3 Ra4 $17) 32... Rxd5 33. exd5 $17 {KR-KR} Ra8 34. Ra2 Ra4+ 35. Ke3 Kf8 36. h3 Ke7 37. g4 h6 38. Kf3 f6 39. d6+ $2 {[%mdl 8192]} (39. e6 $15) 39... Kd7 40. exf6 {Threatens to win with f7.} Kxd6 41. Re2 {[#]} g5 $2 (41... Ra8 $1 $19 {...a2 is the strong threat.} 42. f7 Rf8) 42. Kg2 $11 {The position is equal.} Ra7 43. Re3 a2 {[#]} 44. f7 $1 {[%cal Rf7f8][%mdl 512]} Rxf7 {Precision: White = 54%, Black = 46%.} 1/2-1/2

[Event "TUR-ch Men 2018"]
[Site "Kemer"]
[Date "2018.10.17"]
[Round "11.2"]
[White "Sevgi, Volkan"]
[Black "Soylu, Suat"]
[Result "1/2-1/2"]
[WhiteElo "2296"]
[BlackElo "2327"]
[Annotator "TA"]
[PlyCount "63"]
[EventDate "2018.10.26"]
[EventType "tourn"]
[EventCountry "TUR"]
[SourceTitle "playchess.com"]
[Source "ChessBase"]
[SourceQuality "1"]

{[%evp 24,63,8,8,18,15,24,17,33,42,32,0,34,35,30,12,11,0,0,0,0,0,0,0,10,-90,-50,-56,-45,-47,-41,-48,-52,-82,-72,-74,-79,-83,-86,-82,0,-135]} 1. Nf3 d5 2. g3 Nf6 3. Bg2 c6 4. b3 Bg4 5. Bb2 Nbd7 6. d3 e6 7. Nbd2 Bd6 8. O-O O-O 9. h3 Bh5 10. Qe1 Re8 11. e4 e5 12. Nh4 dxe4 {A07: Réti Opening: New York and Capablanca Systems} (12... a5 13. Nf5 Bc5 14. a3 Qc7 15. Kh2 Rad8 16. Nf3 Bf8 17. Bc3 b6 18. g4 Bg6 19. Ng3 dxe4 20. dxe4 Nc5 21. Bxe5 Rxe5 22. Nxe5 Qxe5 {0-1 (53) Petrosian,T (2601)-Dreev,A (2653) Riadh 2017}) 13. dxe4 {LiveBook: 6 Games} Bc5 14. Nc4 Qc7 15. a4 a5 16. Bc3 {[%cal Rc3a5]} b6 17. Nf5 Nf8 18. Kh1 N6d7 $146 ({Predecessor:} 18... Bg6) 19. f4 {White wants to play fxe5.} (19. g4 $5 {[%cal Rg4h5]} Bg6 20. f4 $14) 19... f6 $1 {[%cal Bf7f6,Bf6g5][%mdl 32]} 20. g4 Bf7 21. g5 $1 {[%cal Rg5f6]} Bxc4 ({Much weaker is} 21... exf4 22. gxf6 Nxf6 23. Nxg7 $16) 22. bxc4 {aiming for gxf6.} fxg5 23. Qg3 Ne6 {[%cal Re5f4]} 24. fxe5 (24. fxg5 $11 {was the only way to keep the balance.} Bf8 25. g6) 24... Ndf8 25. Nd6 Re7 26. Rad1 Ng6 27. Bf3 Rf8 28. Bh5 Rxf1+ 29. Rxf1 Ngf4 30. Bg4 h6 31. Rd1 Ng6 ({Black should play} 31... h5 $17 32. Bxe6+ Rxe6) 32. Bf5 {Precision: White = 53%, Black = 43%.} (32. Nf5 $11 {keeps the balance.}) 1/2-1/2

[Event "TUR-ch Men 2018"]
[Site "Kemer"]
[Date "2018.10.17"]
[Round "11.3"]
[White "Baglan, Esat"]
[Black "Apaydin, Fethi"]
[Result "1-0"]
[WhiteElo "2343"]
[BlackElo "2353"]
[Annotator "TA"]
[PlyCount "110"]
[EventDate "2018.10.26"]
[EventType "tourn"]
[EventCountry "TUR"]
[SourceTitle "playchess.com"]
[Source "ChessBase"]
[SourceQuality "1"]

{[%evp 21,110,0,0,0,44,0,0,0,0,-75,-80,-85,-49,-47,-52,-77,-72,-90,-64,-79,-79,-72,-39,-52,-56,-72,-74,-72,-72,-81,-60,-81,-76,-75,0,0,-4,0,0,0,0,0,0,0,10,3,36,36,36,36,139,102,209,165,162,74,118,8,20,0,0,0,0,0,0,0,8,8,8,8,75,75,77,0,0,0,292,230,304,79,274,-66,264,249,454,446,422,381,1088,450,430]} 1. e4 c5 2. Nf3 d6 3. Nc3 Nf6 4. d4 cxd4 5. Nxd4 g6 6. Be2 Bg7 7. O-O Nc6 8. Nb3 O-O 9. Re1 Be6 10. Bf1 Rc8 11. Bg5 {B70: Sicilian Dragon: 6 g3 and 6 Be2 (without a later Be3)} h6 {LiveBook: 20 Games} 12. Bf4 d5 13. exd5 {White is slightly better.} (13. Nc5 {with more complications.} Bg4 14. f3 Be6 15. Kh1 Kh7 16. exd5 Nxd5 17. Nxe6 fxe6 18. Bd2) 13... Nxd5 14. Nxd5 Bxd5 {[#]} 15. Qd2 $146 (15. c3 $11) ({Predecessor:} 15. c3 e5 16. Be3 b6 17. Qc1 Qh4 18. f3 Rfd8 {0-1 (52) Andriasian,Z (2585)-Nakamura,H (2781) chess.com INT 2018}) 15... Bxb3 $17 ({Much worse is} 15... Bxb2 $6 16. c4 $14) 16. cxb3 Qxd2 17. Bxd2 Bxb2 18. Rad1 Kg7 19. g3 Bf6 20. Bg2 b6 $1 21. Be3 Nb8 22. Rc1 Rfd8 23. Bf4 Rxc1 24. Rxc1 Na6 25. Rc4 Rd1+ 26. Bf1 Nc5 27. Be3 Nd7 ({Better is} 27... Ra1 $17 28. Rc2 Ne4) 28. Rc7 $11 a5 29. Kg2 Bg5 30. Bxg5 hxg5 {[%mdl 4096] Endgame KRB-KRN} 31. Bb5 Nc5 32. Rxe7 Kf6 33. Rc7 Ne6 34. Rc6 Rd2 35. a4 Ke5 (35... Kg7 $14) 36. Rxb6 $16 {Black must now prevent Bc4.} Nc5 (36... g4 $16 {was called for.}) 37. Bc4 $1 $18 f5 38. Kf1 (38. Rb5 $18 {and White stays clearly on top.} Kd4 39. Rxa5) 38... Ne4 39. f3 ({Don't play} 39. Rxg6 $6 Rxf2+ 40. Kg1 Ra2 $11) (39. Ke1 $1 $16 Rb2 40. f3 (40. Rxg6 Rb1+ 41. Ke2 Rb2+ 42. Kd1 Rxf2 $14) 40... Rb1+ 41. Ke2 Rb2+ 42. Kd1) 39... Rf2+ $1 $11 40. Ke1 Rxf3 41. Rb5+ Kd4 42. Rd5+ Kc3 43. Rxa5 f4 44. Rd5 Re3+ 45. Kf1 f3 (45... fxg3 $11 {remains equal.} 46. h3 Rf3+ 47. Kg1 Nd2) 46. a5 $16 {a6 is the strong threat.} g4 47. a6 (47. Bb5 $1 $16 Kb4 48. a6 Rxb3 49. Bd3) 47... Nd2+ $11 48. Kf2 Re7 $2 {[%mdl 8192]} (48... Nxc4 $11 {and Black is okay.} 49. bxc4 Re2+ 50. Kf1 Ra2) 49. Ra5 Ne4+ 50. Kf1 $2 (50. Kg1 $18 {and the rest is easy.} Ra7 51. Be6) 50... Rh7 $2 (50... Nd2+ $16 {was worth a try.} 51. Kf2 Ra7) 51. Ra2 $2 ({Only move:} 51. Kg1 $1 $18 {Strongly threatening a7.} Ra7 52. Be6) 51... Rd7 $2 {[%mdl 8192] [#]} (51... Nd2+ $15 {keeps the upper hand.} 52. Kg1 f2+ $1 {[%mdl 512]} 53. Kg2 Nxc4 54. Rxf2 Kxb3) 52. Ke1 $1 $18 f2+ $2 (52... Ra7 53. Ra1 Nc5) 53. Ke2 Ra7 54. Ke3 Rc7 $2 (54... Nd6) 55. Ra1 (55. a7 $142 Rc8 56. a8=Q Rxa8 57. Rxa8) 55... Nd6 {Precision: White = 44%, Black = 36%.} 1-0

[Event "TUR-ch Men 2018"]
[Site "Kemer"]
[Date "2018.10.17"]
[Round "11.4"]
[White "Soysal, Serkan"]
[Black "Yilmazyerli, Mert"]
[Result "1/2-1/2"]
[WhiteElo "2415"]
[BlackElo "2442"]
[Annotator "TA"]
[PlyCount "35"]
[EventDate "2018.10.26"]
[EventType "tourn"]
[EventCountry "TUR"]
[SourceTitle "playchess.com"]
[Source "ChessBase"]
[SourceQuality "1"]

{[%evp 29,35,0,0,0,0,0,0,0]} 1. d4 d5 2. c4 e6 3. Nf3 Nf6 4. Nc3 Bb4 5. Bg5 h6 6. Bxf6 Qxf6 7. e3 O-O 8. Rc1 dxc4 9. Bxc4 c5 10. O-O cxd4 11. Nxd4 Bd7 {[%cal Bc8d7,Bd7c6,Bc6d5][%mdl 32] D38: Queen's Gambit Declined: Ragozin Defence (4 Nf3 Bb4)} 12. Qb3 Nc6 13. Nxc6 Bxc3 14. Rxc3 Bxc6 15. Bb5 {[#]} Bd5 $146 {LiveBook: 26 Games. The position is equal.} 16. Bc4 Bc6 17. Bb5 Bd5 18. Bc4 1/2-1/2

[Event "TUR-ch Men 2018"]
[Site "Kemer"]
[Date "2018.10.17"]
[Round "11.5"]
[White "Gulbas, Cemil"]
[Black "Zor, Alber Kadir"]
[Result "1-0"]
[WhiteElo "2393"]
[BlackElo "2167"]
[Annotator "TA"]
[PlyCount "69"]
[EventDate "2018.10.26"]
[EventType "tourn"]
[EventCountry "TUR"]
[SourceTitle "playchess.com"]
[Source "ChessBase"]
[SourceQuality "1"]

{[%evp 12,69,5,4,15,4,21,17,135,150,152,156,164,160,147,103,201,189,174,135,329,204,339,356,348,352,422,407,428,415,567,599,831,835,827,829,849,769,741,744,702,675,5090,4242,5459,5459,5435,1772,2036,1658,29987,29985,29984,4910,4910,4882,2205,1539,5214,585]} 1. e4 e5 2. Nf3 Nc6 3. Bc4 Bc5 4. c3 Nf6 5. d3 O-O 6. b4 Be7 7. Bb3 {LiveBook: 4 Games. C54: Giuoco Piano: 4 c3 Nf6, main lines with 5 d4 and 5 d3} (7. Nbd2 d5 8. Bb3 dxe4 9. dxe4 Qd3 10. Bb2 a5 11. Bc4 Qd6 12. b5 Nd8 13. a4 Ne6 14. Qc2 Nd7 15. O-O Nf4 16. g3 {½-½ (16) Rapport,R (2719)-Kravtsiv,M (2654) Abu Dhabi 2018}) 7... d5 8. Qc2 Bg4 $146 ({Predecessor:} 8... dxe4 9. dxe4 Bd6 10. h3 a5 11. b5 Nb8 12. Be3 Nbd7 13. Nbd2 Qe7 14. Nc4 a4 15. Bxa4 Nxe4 {0-1 (46) Schneider,J (2214)-Reuker,J (2338) Willingen 2018}) 9. Nbd2 {The position is equal.} Bxb4 (9... a6 $11) 10. cxb4 $16 Nxb4 11. Qb1 dxe4 12. dxe4 Nd3+ 13. Kf1 Nh5 (13... Bxf3 $16 14. Nxf3 Nxe4) 14. h3 Be6 15. Nc4 {[%cal Bd2c4,Bc4e3,Be3d5][%mdl 32]} f6 $2 {[#]} (15... Nxc1 $16 16. Qxc1 Qd3+ 17. Kg1 Nf4) 16. Ne3 Bf7 (16... Nc5 $142 17. Bxe6+ Nxe6) 17. Ba3 $18 c5 18. g3 Kh8 19. Bd5 Bxd5 20. Nxd5 f5 21. Qxd3 fxe4 22. Qxe4 Qa5 23. Bc1 Rf7 24. g4 Raf8 25. gxh5 Rxf3 26. Rh2 c4 27. h6 {[#] hxg7+ would kill now.} R8f5 28. hxg7+ Kxg7 29. Rg2+ Kf7 30. Ne3 R5f4 31. Qxh7+ Ke8 32. Rg8+ (32. Qg8+ $142 Kd7 33. Rg7+ Rf7 34. Rxf7+ Rxf7 35. Qxf7+ Kc8 36. Nxc4 Qc7 37. Qe8+ Qd8 38. Nd6+ Kc7 39. Nb5+ Kc8 40. Nxa7+ Kc7 41. Qxe5+ Qd6 42. Nb5+ Kc6 43. Qxd6+ Kxb5 44. Rb1+ Kc4 45. Rxb7 Kc3 46. Rc7#) 32... Rf8 {White is clearly winning.} 33. Rxf8+ Rxf8 34. Qxb7 Qc3 35. Qe7+ {Precision: White = 56%, Black = 22%.} 1-0

[Event "TUR-ch Men 2018"]
[Site "Kemer"]
[Date "2018.10.17"]
[Round "11.6"]
[White "Ozen, Deniz"]
[Black "Gunduz, Umut Erdem"]
[Result "1-0"]
[WhiteElo "2411"]
[BlackElo "2205"]
[Annotator "TA"]
[PlyCount "65"]
[EventDate "2018.10.26"]
[EventType "tourn"]
[EventCountry "TUR"]
[SourceTitle "playchess.com"]
[Source "ChessBase"]
[SourceQuality "1"]

{[%evp 22,65,50,39,27,33,31,20,27,27,24,33,23,27,27,26,33,36,202,209,244,225,244,227,242,248,250,232,308,279,297,272,279,280,439,418,572,564,1110,1094,29984,29983,29992,29993,29993,29994]} 1. e4 e5 2. Nf3 Nc6 3. Bb5 {[%cal Bf1b5,Bb5a4,Ba4b3][%mdl 32]} a6 4. Ba4 d6 5. O-O Bd7 6. d4 b5 7. Bb3 Nxd4 8. Nxd4 exd4 9. c3 dxc3 10. Qh5 Qe7 {C72: Ruy Lopez: Deferred Steinitz: 5 0-0} 11. Nxc3 Nf6 12. Qf3 {LiveBook: 6 Games. Hoping for e5!} Qd8 {White is slightly better.} 13. e5 dxe5 {[#]} 14. Bg5 $146 ({Predecessor:} 14. Rd1 Be7 15. Rxd7 Kxd7 16. Bg5 h6 17. Bxf6 gxf6 18. Ne4 {1-0 (41) Navara,D (2705)-Votava,J (2538) Germany 2012}) 14... Be7 $1 15. Rad1 $40 {[%mdl 128] aiming for Rxd7! White attacks.} O-O 16. Bxf6 Bxf6 ({Reject} 16... gxf6 $6 17. Bc2 $16) 17. Bc2 {And now Bf5 would win.} g6 {[#]} 18. Rxd7 $1 {[%mdl 512]} Qxd7 19. Qxf6 Rfe8 $2 (19... Qd6 $1 $14 20. Qg5 Kg7) 20. Bb3 $18 Rad8 21. Ne4 ({Don't take} 21. Qxa6 c6) 21... Qe7 22. Qxa6 Kg7 23. Qxb5 f5 24. Nc5 {Strongly threatening Ne6+.} Qf6 25. a4 e4 26. Qc4 Rd6 27. a5 e3 (27... Qe5 $142 28. Ba4 c6) 28. fxe3 Rxe3 29. a6 Rd2 30. a7 Ree2 31. a8=Q {White mates.} c6 {[#]} 32. Qh8+ $1 Kh6 (32... Kxh8 33. Qg8#) 33. Qxe2 {Precision: White = 93%, Black = 24%.} (33. Qxf6 $2 {leads to mate.} Rxg2+ 34. Kh1 Rxh2+ 35. Kg1 Rdg2#) 1-0